High School Marching Band Instruments - Statistics

General Stats
  • This quiz has been taken 328 times
  • The average score is 10 of 20
Answer Stats
Hint Answer % Correct
Clarinet
92%
Flute
90%
Trumpet
89%
Trombone
77%
Bass Drum
73%
Snare Drum
72%
Tuba
71%
Baritone
68%
Mellophone
52%
Sousaphone
47%
Cymbals
46%
Bass Clarinet
45%
Marimba
34%
Xylophone
34%
Bells
26%
Alto Saxaphone
22%
Tenor Saxaphone
22%
Vibraphone
17%
Bari Saxaphone
15%
Tom Drums
2%
No matching quizzes found
Score Distribution
Percent of People with Each Score
Percentile by Number Answered
Your Score History
You have not taken this quiz